| 000 | 00998nam a22002297a 4500 | ||
|---|---|---|---|
| 005 | 20240530110445.0 | ||
| 008 | 150427s2010 ua afo f b 000 0 ara d | ||
| 017 |
_a2010/16632 _bمصر . دار الكتب المصرية |
||
| 020 | _a9789774216357 | ||
| 040 | _aEG-CaGPL | ||
| 082 | 0 | 4 |
_221 _a200.9012 _bق/ب ت |
| 100 | 0 | _aبثينة ابراهيم مرسى | |
| 245 | 1 | 0 |
_aتطور الديانة المصرية القديمة من خلال لوحات النذور و الهبات / _cتاليف بثينة ابراهيم مرسى |
| 260 |
_aالقاهرة : _bالهيئة المصرية العامة للكتاب ، _c2010 . |
||
| 300 |
_a408 ص : _bايض ؛ _c24 سم . |
||
| 490 |
_aسلسلة تاريخ المصريين ؛ _v284 |
||
| 504 | _aيشتمل على ارجاعات ببليوجرافية | ||
| 650 | 0 | 4 | _aالديانات القديمة |
| 650 | 0 | 4 | _aالديانات المصرية القديمة |
| 942 |
_2ddc _cBK |
||
| 999 |
_c61126 _d61126 |
||